Name a famous person by letter part 2 - Statistics

General Stats
  • This quiz has been taken 31 times
  • The average score is 2 of 12
Answer Stats
Hint Answer % Correct
m mathama gandhi/marie curie/mark antony/mark twain/ martin king luther junior/micheal jackson/ micheal jordan/mother teresa/muhammad ali/
100%
u usain bolt/ulysses grant
20%
r king richard/rosa parks/ronald reagan
16%
n nelson mandela/neil armstrong
16%
t theodore rooselvet/ thomas jefferson/taylor wilson/taylor swift
16%
w wilbur wright/winston churchill/wolfgang
16%
v queen victoria
8%
k kelly holmes
4%
l leonardo da vinci/ludwig von beethoven
4%
o orville wright
4%
p pope francis
4%
s stephen hawkings
4%
No matching quizzes found
Score Distribution
Percent of People with Each Score
Percentile by Number Answered
Your Score History
You have not taken this quiz